000 00454nam a2200181Ia 4500
001 11662
005 20260306162844.0
008 260306t1965||||xx |||||||||||||| ||spa||
041 _aESP
082 _a986.1
_bA12
100 _aAcademia Colombiana de la Historia
_eAUT
245 0 _aPrehistoria:
_betno-historia y arqueología
260 _c1965
300 _a463 páginas :
_c25 cm.
650 _aGEN
654 _aCHU
942 _cLIB
_dJUS
_fJUS
_2ddc
_n
999 _c11662
_d11662